Urban and regional development trajectories in contemporary capitalism (Record no. 12576)

MARC details
000 -LEADER
fixed length control field 03469nam a2200373Ia 4500
001 - CONTROL NUMBER
control field 9780203075326
003 - CONTROL NUMBER IDENTIFIER
control field BD-DhSAU
005 - DATE AND TIME OF LATEST TRANSACTION
control field 20151012151719.0
006 - FIXED-LENGTH DATA ELEMENTS--ADDITIONAL MATERIAL CHARACTERISTICS
fixed length control field a|||||s|||||||||||
007 - PHYSICAL DESCRIPTION FIXED FIELD--GENERAL INFORMATION
fixed length control field cr||||
008 - FIXED-LENGTH DATA ELEMENTS--GENERAL INFORMATION
fixed length control field 130109s2013 enkab sb 001 0 eng d
020 ## - INTERNATIONAL STANDARD BOOK NUMBER
International Standard Book Number 9780203075326 (e-book : PDF)
040 ## - CATALOGING SOURCE
Original cataloging agency BD-DhSAU
Transcribing agency BD-DhSAU
090 ## - LOCALLY ASSIGNED LC-TYPE CALL NUMBER (OCLC); LOCAL CALL NUMBER (OCLC)
Classification number (OCLC) (R) ; Classification number, CALL (RLIN) (NR) HT165.5
Local cutter number (OCLC) ; Book number/undivided call number, CALL (RLIN) .U715 2013
092 ## - LOCALLY ASSIGNED DEWEY CALL NUMBER (OCLC)
Classification number 307.1216
Item number U722
245 00 - TITLE STATEMENT
Title Urban and regional development trajectories in contemporary capitalism
Medium [electronic resource] /
Statement of responsibility, etc. edited by Flavia Martinelli, Frank Moulaert and Andreas Novy.
260 ## - PUBLICATION, DISTRIBUTION, ETC. (IMPRINT)
Place of publication, distribution, etc. London ;
-- New York :
Name of publisher, distributor, etc. Routledge,
Date of publication, distribution, etc. 2013.
300 ## - PHYSICAL DESCRIPTION
Extent xxviii, 330 p. :
Other physical details ill., maps.
490 1# - SERIES STATEMENT
Series statement Routledge frontiers of political economy ;
Volume/sequential designation 168
504 ## - BIBLIOGRAPHY, ETC. NOTE
Bibliography, etc Includes bibliographical references and index.
505 0# - FORMATTED CONTENTS NOTE
Formatted contents note 1. Introduction : fighting amnesia and recovering the scientific heritage of urban and regional analysis / Frank Moulaert, Andreas Novy and Flavia Martinelli - 2. Theoretical foundations for the analysis of socio-economic development in space / Frank Moulaert and Bob Jessop -- 3. The DEMOLOGOS methodology for analysing urban and regional trajectories / Andreas Novy, Abid Mehmood and Frank Moulaert -- 4. London between global narcissism and national responsibility : the globalization of a capital city at the expense of its nation / Delphine Ancien and Frank Moulaert -- 5. Brussels : the strange case of disarticulated socio-economic development and governance : about disjointed scales, institutional fridges and the follies of urban regime politics / Stijn Oosterlynck and Erik Swyngedouw -- 6. Vienna between East and West : the construction of a new transborder Central European region / Andreas Novy, Daniela Coimbra Swiatek and Lukas Lengauer -- 7. Hong Kong and the Pearl River Delta in China : cross-border integration and sustainability / Erik Baark ... [et al.] -- 8. Hong Kong and the Pearl River Delta as a cross-border region : the politics of repositioning and rescaling / Ngai-Ling Sum -- 9. Chicago beyond Fordism : between regulatory crisis and sustainable growth / Jamie Peck and Nik Theodore -- 10. Rome : a tale of two cities : the development of a capital city between discourse and reality / Pasquale De Muro, Salvatore Monni and Pasquale Tridico -- 11. The Southern Question in Italy : regional development discourses and strategies from "national" policy to "Euro-local" programmes / Flavia Martinelli -- 12. Reggio Calabria, Southern Italy : a peripheral city between path-dependency and path-shaping / Stefania Barillâaa, Giuseppe Fera and Flavia Martinelli -- 13. Newcastle-upon-Tyne and the "Northern Way" : neoliberal responses to uneven development in the North of England / Stuart Cameron and Sara Gonzãaalez -- 14. Urban and regional trajectories between path-dependency and path-shaping : structures, institutions, discourses and agency in contemporary capitalism / Flavia Martinelli and Andreas Novy.
530 ## - ADDITIONAL PHYSICAL FORM AVAILABLE NOTE
Additional physical form available note Also available in print edition.
538 ## - SYSTEM DETAILS NOTE
System details note Mode of access: World Wide Web.
650 #0 - SUBJECT ADDED ENTRY--TOPICAL TERM
Topical term or geographic name as entry element City planning.
650 #0 - SUBJECT ADDED ENTRY--TOPICAL TERM
Topical term or geographic name as entry element Regional planning.
650 #0 - SUBJECT ADDED ENTRY--TOPICAL TERM
Topical term or geographic name as entry element Capitalism.
655 #7 - INDEX TERM--GENRE/FORM
Genre/form data or focus term Electronic books.
Source of term lcsh
700 1# - ADDED ENTRY--PERSONAL NAME
Personal name Martinelli, Flavia.
700 1# - ADDED ENTRY--PERSONAL NAME
Personal name Moulaert, Frank.
700 1# - ADDED ENTRY--PERSONAL NAME
Personal name Novy, Andreas,
Dates associated with a name 1962-
776 1# - ADDITIONAL PHYSICAL FORM ENTRY
International Standard Book Number 9780415608947 (hardback)
830 #0 - SERIES ADDED ENTRY--UNIFORM TITLE
Uniform title Routledge frontiers of political economy ;
Volume number/sequential designation 168.
856 40 - ELECTRONIC LOCATION AND ACCESS
Uniform Resource Identifier <a href="http://www.tandfebooks.com/isbn/9780203075326">http://www.tandfebooks.com/isbn/9780203075326</a>

No items available.